| 000 | 01086nam a22001935i 4500 | ||
|---|---|---|---|
| 001 | 171289 | ||
| 003 | ES-MaACL | ||
| 005 | 20250818174140.0 | ||
| 008 | 090508s1866 sp |||| | spa d | ||
| 100 | 1 |
_aCrooke, Ramón. _9140064 |
|
| 245 | 1 | 3 |
_aLa muerte de don César _b: parodia en un acto / _coriginal de... Ramón Crooke y Saturnino Esteban Collantes. |
| 260 |
_aMadrid : _b[s.n.], _c1866 ( _fImp. del Centro General de la Administración) |
||
| 300 |
_a31, 16 p. ; _c18 cm. |
||
| 500 | _aEn port.: Representada por primera vez en el teatro de la Zarzuela la noche del 14 de abril de 1866. | ||
| 500 | _aLas útlimas 16 p. es un catálogo editorial de los "Señores Salas, Helguero y Gaztambide" | ||
| 700 | 1 |
_aEsteban Collantes, Saturnino Esteban Miquel y Collantes, _cConde de, _d1847-1937 _9129959 |
|
| 852 |
_aES-MaACL _jF-8599(3) _z.- Enc. pasta española _q.- Falto de la cub. original _z.- Enc. en un vol. facticio formando parte de la col. facticia "Teatro español moderno", vol. 52 _z.- Dedicatoria autógrafa de Ramón Crooke en anteport. |
||
| 999 |
_c171289 _d171289 |
||